000 00192 a2200097 4500
001 526
100 _aTyler,F
245 _aHeat and Thermodynamics
260 _a
_bArnold
_c
090 _c136
_d136
942 _aNUST-CAE
_cM
_c4002
999 _c235599
_d235599